000 01299nam a22002657a 4500
999 _c63632
_d63632
005 20240530110651.0
008 171212s2015 su a g 000 0 ara d
017 _a1435/6769
_bالسعودية . مكتبة الملك فهد الوطنية
020 _a9960142280
040 _aEG-CaGPL
_cEG-CaGPL
082 0 4 _221
_a658.314 /
_bب ف
100 1 _aبايذاوى، تشارلز و.
245 1 0 _aفاست الابداع والابتكار :
_bتحسين الاجراءات وتطوير المنتج والحل السريع للمشكلات المعقدة /
_cتاليف تشارلز و. بايذاوى ؛ ترجمة عبدالرحمن ابراهيم بن عمار ؛ راجع الترجمة رائد بن محمد عثمان
260 _aالرياض :
_bمعهد الادارة العامة ،
_c2015.
300 _a327 ص. :
_bايض ؛
_c24 سم.
650 0 7 _2qrmak
_aالعمليات الادارية
650 0 7 _2qrmak
_aالمنظمات والهيئات
650 0 7 _2qrmak
_aالادارة
_xتدقيق
650 0 7 _2qrmak
_aالادارة
_xتقييم
651 _2qrmak
700 0 _aعبدالرحمن ابراهيم بن عمار
_eمترجم
700 0 _aرائد بن محمد عثمان
_eمراجع
942 _2ddc
_cBK